00932nam a2200277 i 4500001000300000100004300003245008500046246001900131260004200150300002100192490002900213650002800242700001900270830002400289020001500313040000800328041000800336080001600344920001800360942000700378008004100385999001700426856009800443952006400541952004900605bg1 aLESSING, Gotthold Ephraimd(1729-1781)10aDramen /cGotthold Ephraim Lessing ; mit einem Nachwort hrsg. von Kurt Wölfel.1 aLessing Dramen aFrankfurt :bInsel Verl.,ccop. 1984. a847 s. ;c18 cm.1 aInsel Taschenbuch ;v714 9aDramat niemieckiy18 w.1 aWÖLFEL, Kurt aInsel Taschenbuch ; a3458324143 cBPK0 ager a821.112.2-2 a3-458-32414-3 cKS s pl f |000 0 pol  c45956d45956 uhttp://koha.tu.koszalin.pl/cgi-bin/koha/opac-detail.pl?biblionumber=45956yKatalog online BPK 00104071aBPKbBPKceho75351p02256269t821.112.2 LnyKS 00104070aBPKbBPKcwo75352p02256252yKS